[Event "CAN-op"]
[Site "Kapuskasing CAN"]
[Date "2004.07.16"]
[Round "8"]
[White "Nataf, Igor A"]
[Black "Tseitlin, Mark D"]
[Result "1-0"]
[WhiteElo "2553"]
[BlackElo "2484"]
[PlyCount "125"]
[GameId "2160767911095390"]
[EventDate "2004.07.10"]
[EventType "swiss"]
[EventRounds "10"]
[EventCountry "CAN"]
[SourceTitle "CBM 101 Extra"]
[Source "ChessBase"]
[SourceDate "2004.09.01"]
[SourceVersion "2"]
[SourceVersionDate "2004.09.01"]
[SourceQuality "1"]

1. e4 e5 2. Nf3 Nc6 3. d4 exd4 4. Nxd4 Bc5 5. Nxc6 Qf6 6. Qd2 dxc6 7. Nc3 Bd4 8. Nd1 Be6 9. Qg5 O-O-O 10. Qxf6 Nxf6 11. f3 Bb6 12. Bg5 h6 13. Bh4 Rhe8 14. Bd3 Ba5+ 15. Ke2 a6 16. Be1 Bxe1 17. Rxe1 b5 18. Ne3 Kb7 19. Red1 Kb6 20. c3 c5 21. Bc2 g5 22. Rxd8 Rxd8 23. g3 Nh5 24. a3 f6 25. Rf1 c6 26. f4 gxf4 27. gxf4 Rg8 28. Kf3 c4 29. f5 Bf7 30. Ng4 Rh8 31. Ke3 Kc7 32. Bd1 Kd6 33. Rg1 c5 34. Bf3 Ke7 35. e5 fxe5 36. Nxe5 Nf6 37. Rg7 Rh7 38. Rxh7 Nxh7 39. Bb7 Be8 40. Bxa6 Kd6 41. Ng4 h5 42. Nf2 Ke5 43. a4 bxa4 44. Bxc4 Nf6 45. Be6 Bc6 46. Nd3+ Kd6 47. Kf4 Be4 48. Ne5 Bc2 49. Nc4+ Ke7 50. Ne3 Be4 51. Ke5 Bc6 52. h3 Bf3 53. c4 Nd7+ 54. Bxd7 Kxd7 55. Kf6 Kd6 56. Kg7 h4 57. f6 Bh5 58. Nf5+ Ke5 59. Nxh4 Be8 60. Nf3+ Ke4 61. h4 Kd3 62. f7 Bxf7 63. Kxf7 1-0

[Event "CAN-op"]
[Site "Kapuskasing CAN"]
[Date "2004.07.16"]
[Round "8"]
[White "Papineau (Granby), Daniel"]
[Black "Nickoloff, Bryon"]
[Result "0-1"]
[WhiteElo "1736"]
[BlackElo "2450"]
[PlyCount "98"]
[GameId "2160767911095392"]
[EventDate "2004.07.10"]
[EventType "swiss"]
[EventRounds "10"]
[EventCountry "CAN"]

1. e4 c5 2. Nc3 Nc6 3. g3 g6 4. Bg2 Bg7 5. d3 e6 6. Be3 d6 7. Qd2 Qa5 8. f4 Nge7 9. Nf3 d5 10. Bf2 O-O 11. O-O dxe4 12. dxe4 Rd8 13. Qe1 e5 14. Nxe5 Nxe5 15. fxe5 Nc6 16. Nd5 Qxe1 17. Rfxe1 b6 18. c3 Nxe5 19. Be3 h6 20. h3 Rf8 21. Rad1 Bd7 22. g4 g5 23. Rf1 Rac8 24. Rf2 Be6 25. Bf1 c4 26. Bg2 Nd3 27. Rfd2 Bxd5 28. exd5 Rfe8 29. Bf2 Be5 30. a4 Bf4 31. Rxd3 cxd3 32. Rxd3 Re2 33. b3 Rd2 34. Rxd2 Bxd2 35. c4 Bb4 36. Kf1 Bc5 37. Be1 Re8 38. b4 Bd6 39. Kf2 Bg3+ 40. Kxg3 Rxe1 41. d6 Rd1 42. Bd5 Kf8 43. Kf2 Ke8 44. Bc6+ Kd8 45. d7 Rb1 46. b5 Rb3 47. Kg2 Rc3 48. Bd5 Kxd7 49. Bxf7 Kd6 0-1

[Event "CAN-op"]
[Site "Kapuskasing CAN"]
[Date "2004.07.16"]
[Round "8"]
[White "Spraggett, Kevin"]
[Black "Miroshnichenko, Evgenij"]
[Result "1/2-1/2"]
[WhiteElo "2584"]
[BlackElo "2615"]
[PlyCount "40"]
[GameId "2160767911095394"]
[EventDate "2004.07.10"]
[EventType "swiss"]
[EventRounds "10"]
[EventCountry "CAN"]
[SourceTitle "CBM 101 Extra"]
[Source "ChessBase"]
[SourceDate "2004.09.01"]
[SourceVersion "2"]
[SourceVersionDate "2004.09.01"]
[SourceQuality "1"]

1. e4 c5 2. Nf3 d6 3. d4 Nf6 4. Nc3 cxd4 5. Nxd4 Nc6 6. Bg5 Qb6 7. Nb3 e6 8. Bxf6 gxf6 9. Be2 Bd7 10. O-O O-O-O 11. Kh1 h5 12. f4 h4 13. a4 a6 14. a5 Qc7 15. Na4 h3 16. Nb6+ Kb8 17. g3 Ne7 18. Bf3 f5 19. Nxd7+ Rxd7 20. c3 fxe4 1/2-1/2

[Event "CAN-op"]
[Site "Kapuskasing CAN"]
[Date "2004.07.16"]
[Round "8"]
[White "Tyomkin, Dimitri"]
[Black "Moiseenko, Alexander"]
[Result "1/2-1/2"]
[WhiteElo "2498"]
[BlackElo "2640"]
[PlyCount "37"]
[GameId "2160767911095396"]
[EventDate "2004.07.10"]
[EventType "swiss"]
[EventRounds "10"]
[EventCountry "CAN"]
[SourceTitle "CBM 101 Extra"]
[Source "ChessBase"]
[SourceDate "2004.09.01"]
[SourceVersion "2"]
[SourceVersionDate "2004.09.01"]
[SourceQuality "1"]

1. e4 c5 2. Nf3 Nc6 3. Bb5 e6 4. O-O Nge7 5. Nc3 Ng6 6. d4 cxd4 7. Nxd4 Be7 8. Be3 O-O 9. f4 a6 10. Nxc6 bxc6 11. Bd3 d6 12. Na4 Rb8 13. c4 c5 14. b3 Bd7 15. Nc3 Bf6 16. Rc1 Bc6 17. Ne2 Qe7 18. Ng3 Qb7 19. Qc2 1/2-1/2

[Event "CAN-op"]
[Site "Kapuskasing CAN"]
[Date "2004.07.16"]
[Round "8"]
[White "Uuetoa, Harold"]
[Black "Quan Zhe"]
[Result "0-1"]
[WhiteElo "1756"]
[BlackElo "2442"]
[PlyCount "96"]
[GameId "2160767911095397"]
[EventDate "2004.07.10"]
[EventType "swiss"]
[EventRounds "10"]
[EventCountry "CAN"]

1. Nf3 Nf6 2. d4 g6 3. g3 Bg7 4. Bg2 O-O 5. O-O d6 6. Re1 Nbd7 7. e4 e5 8. d5 Nc5 9. Nc3 a5 10. a4 h6 11. h3 Bd7 12. Bd2 Kh7 13. b3 b6 14. Rb1 Ng8 15. Nh2 f5 16. f3 f4 17. g4 Bf6 18. Re2 h5 19. Be1 hxg4 20. Nxg4 Bh4 21. Bxh4 Qxh4 22. Qe1 Qg5 23. Bh1 Nf6 24. Rg2 Kg7 25. Nxf6 Qxf6 26. Rh2 Rh8 27. Bg2 Rh4 28. Kf2 Rah8 29. Qh1 Qg5 30. Ne2 Qh6 31. Ng1 Kf6 32. Re1 g5 33. Kf1 Ke7 34. Kf2 g4 35. fxg4 Bxg4 36. Nf3 Bxf3 37. Kxf3 Qg6 38. Ke2 Qg3 39. Kd1 f3 40. Bxf3 Rxh3 41. Rxh3 Rxh3 42. Qg1 Qxg1 43. Rxg1 Rxf3 44. Rg7+ Kd8 45. Rg8+ Kd7 46. Rg7+ Kc8 47. Rg8+ Kb7 48. Ke2 Rc3 0-1

[Event "CAN-op"]
[Site "Kapuskasing CAN"]
[Date "2004.07.16"]
[Round "8"]
[White "Wang, David"]
[Black "Thorvardson, Barry"]
[Result "1-0"]
[WhiteElo "2112"]
[BlackElo "1945"]
[PlyCount "45"]
[GameId "2160767911095398"]
[EventDate "2004.07.10"]
[EventType "swiss"]
[EventRounds "10"]
[EventCountry "CAN"]

1. e4 c5 2. Nc3 a6 3. f4 b5 4. Nf3 Bb7 5. d3 e6 6. g3 d5 7. exd5 b4 8. dxe6 fxe6 9. Ne4 Nf6 10. Nxf6+ Qxf6 11. Bg2 Nc6 12. O-O O-O-O 13. Qe1 h6 14. Ne5 Nd4 15. Bxb7+ Kxb7 16. Qe4+ Rd5 17. c4 bxc3 18. bxc3 Nc6 19. Rb1+ Kc7 20. Nxc6 Kxc6 21. Be3 Qf5 22. Qa4+ Kd6 23. Rb7 1-0

[Event "CAN-op"]
[Site "Kapuskasing CAN"]
[Date "2004.07.16"]
[Round "8"]
[White "Zubac, Marius"]
[Black "Rohanchuk, Edward"]
[Result "1-0"]
[WhiteElo "2220"]
[BlackElo "1957"]
[PlyCount "25"]
[GameId "2160767911095399"]
[EventDate "2004.07.10"]
[EventType "swiss"]
[EventRounds "10"]
[EventCountry "CAN"]

1. d4 c6 2. c4 Nf6 3. Nc3 d5 4. Nf3 Bg4 5. Ne5 Nbd7 6. Nxg4 Nxg4 7. cxd5 cxd5 8. e4 Nh6 9. Nxd5 g6 10. Bf4 e5 11. dxe5 g5 12. Bb5 Qa5+ 13. Bd2 1-0

[Event "CAN-op"]
[Site "Kapuskasing CAN"]
[Date "2004.07.17"]
[Round "9"]
[White "Bluvshtein, Ilia"]
[Black "Pauric, Allen"]
[Result "0-1"]
[WhiteElo "2173"]
[BlackElo "1982"]
[PlyCount "92"]
[GameId "2160767911095400"]
[EventDate "2004.07.10"]
[EventType "swiss"]
[EventRounds "10"]
[EventCountry "CAN"]

1. e4 d5 2. exd5 Qxd5 3. Nc3 Qa5 4. d4 Nf6 5. Nf3 c6 6. h3 Bf5 7. Bd3 e6 8. O-O Nbd7 9. Bf4 Be7 10. Ne5 Bg6 11. Re1 O-O 12. Nxd7 Nxd7 13. Bxg6 hxg6 14. d5 cxd5 15. Nxd5 Bf6 16. Nxf6+ Nxf6 17. c4 Rfd8 18. Qe2 Rd7 19. Red1 Rad8 20. Rxd7 Rxd7 21. Qc2 Qf5 22. Qxf5 gxf5 23. Be3 a6 24. b4 Rc7 25. Rc1 Kf8 26. a4 e5 27. f3 Ke7 28. Kf1 Ke6 29. Ke2 f4 30. Bb6 Rc6 31. a5 Nd7 32. Bg1 b6 33. axb6 Nxb6 34. Kd3 f5 35. c5 Nd5 36. Kc4 Ne3+ 37. Bxe3 fxe3 38. Kd3 f4 39. Ke4 Rc7 40. Ra1 Rc6 41. Rd1 a5 42. bxa5 Rxc5 43. g3 Rc4+ 44. Kd3 Rd4+ 45. Ke2 Rxd1 46. Kxd1 fxg3 0-1

[Event "CAN-op"]
[Site "Kapuskasing CAN"]
[Date "2004.07.17"]
[Round "9"]
[White "Epishin, Vladimir"]
[Black "Gokhale, Chandrashekhar"]
[Result "1-0"]
[WhiteElo "2635"]
[BlackElo "2407"]
[PlyCount "71"]
[GameId "2160767911095402"]
[EventDate "2004.07.10"]
[EventType "swiss"]
[EventRounds "10"]
[EventCountry "CAN"]
[SourceTitle "CBM 101 Extra"]
[Source "ChessBase"]
[SourceDate "2004.09.01"]
[SourceVersion "2"]
[SourceVersionDate "2004.09.01"]
[SourceQuality "1"]

1. d4 Nf6 2. c4 e6 3. Nc3 d5 4. cxd5 exd5 5. Bg5 Be7 6. e3 c6 7. Bd3 Nbd7 8. Qc2 O-O 9. Nf3 Re8 10. h3 Nf8 11. Bf4 Ng6 12. Bh2 Bd6 13. O-O-O Bxh2 14. Nxh2 b5 15. Kb1 a5 16. g4 Qe7 17. Nf1 a4 18. Ng3 Qa7 19. Nce2 b4 20. Qxc6 Bd7 21. Qd6 Re6 22. Qxb4 Rb6 23. Qa3 Qb7 24. Rd2 Nh4 25. Rc1 Nf3 26. Rdd1 Ne8 27. e4 Rb8 28. Rc2 Nd6 29. exd5 Bb5 30. Bxb5 Rxb5 31. Ka1 Rb4 32. Nf5 Nxf5 33. gxf5 h6 34. f6 Qxd5 35. Rdc1 Qe6 36. Qxf3 1-0

[Event "CAN-op"]
[Site "Kapuskasing CAN"]
[Date "2004.07.17"]
[Round "9"]
[White "Harper, Ryan"]
[Black "Jonkman, Harmen"]
[Result "0-1"]
[WhiteElo "2207"]
[BlackElo "2425"]
[PlyCount "76"]
[GameId "2160767911095404"]
[EventDate "2004.07.10"]
[EventType "swiss"]
[EventRounds "10"]
[EventCountry "CAN"]
[SourceTitle "CBM 101 Extra"]
[Source "ChessBase"]
[SourceDate "2004.09.01"]
[SourceVersion "2"]
[SourceVersionDate "2004.09.01"]
[SourceQuality "1"]

1. e4 e5 2. Nf3 Nc6 3. Bc4 Bc5 4. d3 Nf6 5. c3 d6 6. h3 Bb6 7. b4 Ne7 8. Qb3 O-O 9. Bg5 Ng6 10. g4 c6 11. Nbd2 h6 12. Nh4 d5 13. Nxg6 dxc4 14. Nxc4 Qxd3 15. Be3 Qxe4 16. Ne7+ Kh8 17. O-O Be6 18. Nd6 Qf3 19. c4 Qxh3 20. Bxb6 Qxg4+ 21. Qg3 axb6 22. Qxg4 Nxg4 23. a3 g6 24. Rfd1 Kg7 25. Rd3 h5 26. f3 Nh6 27. Nxb7 Ra7 28. Nxc6 Rxb7 29. Nxe5 f6 30. Rd6 Re8 31. Nc6 Bxc4 32. Rc1 Nf7 33. Rd4 Bb5 34. Rd2 Bxc6 35. Rxc6 Re3 36. Ra2 Ne5 37. Rcc2 Rxf3 38. a4 Nd3 0-1

[Event "CAN-op"]
[Site "Kapuskasing CAN"]
[Date "2004.07.17"]
[Round "9"]
[White "Kret, Ted"]
[Black "Nahutin, Yevgeni"]
[Result "0-1"]
[WhiteElo "2142"]
[BlackElo "1994"]
[PlyCount "106"]
[GameId "2160767911095405"]
[EventDate "2004.07.10"]
[EventType "swiss"]
[EventRounds "10"]
[EventCountry "CAN"]
[SourceTitle "CBM 101 Extra"]
[Source "ChessBase"]
[SourceDate "2004.09.01"]
[SourceVersion "2"]
[SourceVersionDate "2004.09.01"]
[SourceQuality "1"]

1. Nf3 d5 2. d4 c6 3. c4 Nf6 4. Nc3 dxc4 5. a4 Bf5 6. Ne5 Na6 7. f3 Nd7 8. Nxd7 Bxd7 9. e4 e5 10. Bxc4 exd4 11. Qxd4 Nb4 12. O-O Nc2 13. Qe5+ Qe7 14. Qxe7+ Bxe7 15. Rb1 Bc5+ 16. Kh1 Ne3 17. Bxe3 Bxe3 18. Rfd1 f6 19. Rd3 Bb6 20. Rbd1 O-O-O 21. b4 a5 22. b5 Kc7 23. g4 Bc8 24. Kg2 Rxd3 25. Rxd3 Rd8 26. Rxd8 Kxd8 27. bxc6 bxc6 28. Bg8 h6 29. Bc4 Ke7 30. Kf1 Bd4 31. Ne2 Bb2 32. Ke1 Kd6 33. Nf4 Bc3+ 34. Ke2 Kc5 35. Kd3 Be5 36. Nh5 g6 37. Ng3 Kb4 38. Bf7 Ba6+ 39. Ke3 g5 40. Nh5 Kxa4 41. h4 Kb4 42. hxg5 hxg5 43. f4 gxf4+ 44. Nxf4 Kc3 45. Ng6 Bd4+ 46. Kf4 a4 47. g5 fxg5+ 48. Kxg5 Bc4 49. Bxc4 Kxc4 50. e5 a3 51. e6 Bc5 52. Ne5+ Kd5 53. Nd3 Be7+ 0-1

[Event "CAN-op"]
[Site "Kapuskasing CAN"]
[Date "2004.07.17"]
[Round "9"]
[White "Kudrin, Sergey"]
[Black "Tyomkin, Dimitri"]
[Result "0-1"]
[WhiteElo "2541"]
[BlackElo "2498"]
[PlyCount "70"]
[GameId "2160767911095406"]
[EventDate "2004.07.10"]
[EventType "swiss"]
[EventRounds "10"]
[EventCountry "CAN"]
[SourceTitle "CBM 101 Extra"]
[Source "ChessBase"]
[SourceDate "2004.09.01"]
[SourceVersion "2"]
[SourceVersionDate "2004.09.01"]
[SourceQuality "1"]

1. e4 c5 2. Nf3 Nc6 3. d4 cxd4 4. Nxd4 Nf6 5. Nc3 d6 6. Bg5 e6 7. Qd2 a6 8. Be2 Be7 9. O-O-O O-O 10. f4 Qc7 11. Bxf6 gxf6 12. f5 Nxd4 13. Qxd4 Kh8 14. Bh5 b5 15. Rhf1 Bb7 16. Rd3 b4 17. Qxb4 a5 18. Qd4 Ba6 19. g3 Rab8 20. Qe3 Bxd3 21. Qxd3 Qc5 22. Bg4 Rb4 23. fxe6 Rfb8 24. b3 Rd4 25. Qe3 Rc8 26. Kb2 a4 27. Rf3 a3+ 28. Kc1 f5 29. Bxf5 fxe6 30. Qh6 exf5 31. exf5 Qe5 32. Re3 Bf8 33. Qg5 h6 34. Rxe5 hxg5 35. Re3 g4 0-1

[Event "CAN-op"]
[Site "Kapuskasing CAN"]
[Date "2004.07.17"]
[Round "9"]
[White "Kunte, Abhijit"]
[Black "Bluvshtein, Mark"]
[Result "1/2-1/2"]
[WhiteElo "2532"]
[BlackElo "2462"]
[PlyCount "142"]
[GameId "2160767911095407"]
[EventDate "2004.07.10"]
[EventType "swiss"]
[EventRounds "10"]
[EventCountry "CAN"]
[SourceTitle "CBM 101 Extra"]
[Source "ChessBase"]
[SourceDate "2004.09.01"]
[SourceVersion "2"]
[SourceVersionDate "2004.09.01"]
[SourceQuality "1"]

1. Nf3 Nf6 2. c4 e6 3. g3 b6 4. Bg2 Bb7 5. d4 Be7 6. O-O O-O 7. Re1 d5 8. cxd5 exd5 9. Nc3 a6 10. Bf4 Nbd7 11. Rc1 Rc8 12. Ne5 c5 13. Na4 b5 14. Nxc5 Nxc5 15. dxc5 Rxc5 16. Nd3 Rc4 17. Ne5 Rc5 18. Rxc5 Bxc5 19. Nd3 Bb6 20. Bg5 h6 21. Bxf6 Qxf6 22. Qb3 Ba8 23. Rc1 Rd8 24. Rc2 g5 25. Bf3 h5 26. a4 bxa4 27. Qxa4 Bb7 28. Rc1 a5 29. Bxh5 d4 30. Bf3 Bxf3 31. exf3 Qxf3 32. Qb5 Rd5 33. Qxb6 Qxd3 34. Qf6 Qf5 35. Qxf5 Rxf5 36. Rc8+ Kg7 37. Rd8 Rb5 38. Rxd4 Rxb2 39. Rd5 Kg6 40. Rxa5 g4 41. Kg2 f6 42. Ra4 Kg5 43. Re4 Ra2 44. Kf1 f5 45. Re2 Ra3 46. Kg2 Rb3 47. Ra2 Rc3 48. Kf1 Rc5 49. Ra8 Rc2 50. Re8 Ra2 51. Rd8 Rb2 52. Ke1 Ra2 53. Rd2 Ra5 54. Rd8 Ra2 55. Kf1 Rb2 56. Kg2 Ra2 57. Rd4 Rb2 58. Rf4 Ra2 59. h3 gxh3+ 60. Kxh3 Rb2 61. Kg2 Ra2 62. Rd4 Rb2 63. Rd3 Ra2 64. Kf3 Ra4 65. Rd2 Rb4 66. Kg2 Rb5 67. Kh3 f4 68. Rd8 fxg3 69. Rg8+ Kf6 70. fxg3 Rb4 71. Rg4 Rxg4 1/2-1/2

[Event "CAN-op"]
[Site "Kapuskasing CAN"]
[Date "2004.07.17"]
[Round "9"]
[White "Lapshun, Yury"]
[Black "Wang, David"]
[Result "1-0"]
[WhiteElo "2444"]
[BlackElo "2110"]
[PlyCount "93"]
[GameId "2160767911095408"]
[EventDate "2004.07.10"]
[EventType "swiss"]
[EventRounds "10"]
[EventCountry "CAN"]
[SourceTitle "CBM 101 Extra"]
[Source "ChessBase"]
[SourceDate "2004.09.01"]
[SourceVersion "2"]
[SourceVersionDate "2004.09.01"]
[SourceQuality "1"]

1. b4 e5 2. Bb2 Bxb4 3. Bxe5 Nf6 4. c4 O-O 5. Nf3 Nc6 6. Bb2 d5 7. cxd5 Nxd5 8. e3 Re8 9. Be2 Be7 10. O-O Bf6 11. d4 Bf5 12. Nbd2 Ncb4 13. Nb3 Nc2 14. Rc1 Ncxe3 15. fxe3 Nxe3 16. Qd2 Nxf1 17. Bxf1 Be4 18. Bc4 b6 19. Qf4 Bxf3 20. Qxf3 c5 21. Bb5 Re7 22. Rd1 c4 23. Bxc4 Rc8 24. Bd3 Qe8 25. Kf1 Bh4 26. g3 Re3 27. Qf2 Qe6 28. Kg1 Bg5 29. d5 Qg4 30. Rf1 Rf8 31. Nc1 Qd7 32. Ba3 Re5 33. Qf3 Rd8 34. d6 Be3+ 35. Kh1 Bc5 36. Bb2 Re3 37. Qd5 Re6 38. Bc4 Qxd6 39. Qxd6 Rexd6 40. Rxf7 Rd1+ 41. Kg2 R8d2+ 42. Kh3 h5 43. Rxg7+ Kf8 44. Bf6 Ke8 45. Bf7+ Kf8 46. Be6 Ke8 47. Rxa7 1-0

[Event "CAN-op"]
[Site "Kapuskasing CAN"]
[Date "2004.07.17"]
[Round "9"]
[White "Miller, Evgeny"]
[Black "Barber, Glen"]
[Result "1-0"]
[WhiteElo "2193"]
[BlackElo "1974"]
[PlyCount "56"]
[GameId "2160767911095410"]
[EventDate "2004.07.10"]
[EventType "swiss"]
[EventRounds "10"]
[EventCountry "CAN"]
[SourceTitle "CBM 101 Extra"]
[Source "ChessBase"]
[SourceDate "2004.09.01"]
[SourceVersion "2"]
[SourceVersionDate "2004.09.01"]
[SourceQuality "1"]

1. e4 e6 2. d4 d5 3. e5 c5 4. c3 Nc6 5. Nf3 Bd7 6. a3 Qb6 7. b4 cxd4 8. cxd4 Rc8 9. Be3 Nge7 10. Bd3 Nf5 11. O-O Be7 12. Nbd2 Qd8 13. Nb3 O-O 14. Nc5 b6 15. Nxd7 Qxd7 16. Rc1 Qb7 17. Qe2 Nb8 18. Rxc8 Rxc8 19. Bd2 Bf8 20. h4 Qe7 21. g4 Nxh4 22. Nxh4 Qxh4 23. Kg2 Qe7 24. Rh1 g6 25. Qf3 Bg7 26. Qh3 f5 27. Qxh7+ Kf7 28. gxf5 exf5 1-0

[Event "CAN-op"]
[Site "Kapuskasing CAN"]
[Date "2004.07.17"]
[Round "9"]
[White "Miroshnichenko, Evgenij"]
[Black "Nataf, Igor A"]
[Result "1-0"]
[WhiteElo "2615"]
[BlackElo "2553"]
[PlyCount "152"]
[GameId "2160767911095411"]
[EventDate "2004.07.10"]
[EventType "swiss"]
[EventRounds "10"]
[EventCountry "CAN"]
[SourceTitle "CBM 101 Extra"]
[Source "ChessBase"]
[SourceDate "2004.09.01"]
[SourceVersion "2"]
[SourceVersionDate "2004.09.01"]
[SourceQuality "1"]

1. Nf3 Nf6 2. c4 g6 3. Nc3 Bg7 4. e4 d6 5. d4 O-O 6. Be2 e5 7. O-O Nc6 8. d5 Ne7 9. b4 Ne8 10. a4 f5 11. a5 Nf6 12. Nd2 f4 13. c5 g5 14. g4 Ng6 15. f3 h5 16. h3 Rf7 17. Rf2 Bf8 18. Ba3 Rh7 19. Nf1 Be7 20. Rc1 Qf8 21. Nb5 Ne8 22. c6 bxc6 23. Rxc6 Bd8 24. Nc3 hxg4 25. hxg4 Qh6 26. Rh2 Nh4 27. b5 Bd7 28. Ra6 Bc8 29. Rc6 Bd7 30. Qb3 Nf6 31. Nd1 Rb8 32. b6 axb6 33. axb6 Rxb6 34. Rxb6 cxb6 35. Kh1 b5 36. Bxb5 Bxg4 37. fxg4 Nxg4 38. Rh3 Nf3 39. Rxh6 Rxh6+ 40. Kg2 Ne1+ 41. Kg1 Bb6+ 42. Nfe3 Rh2 43. Be2 Rxe2 44. Kf1 Nf3 45. Kxe2 Nd4+ 46. Kd3 Nxb3 47. Nxg4 Nc5+ 48. Bxc5 Bxc5 49. Ke2 Kf7 50. Kf3 Kg6 51. Nc3 Bg1 52. Nb5 Bc5 53. Nc7 Kh5 54. Ne6 Bb4 55. Nf6+ Kg6 56. Ne8 Kh5 57. N8g7+ Kh4 58. Nf5+ Kh5 59. Neg7+ Kg6 60. Kg4 Kf7 61. Ne6 Ke8 62. Nxg5 Kd7 63. Nf3 Ba3 64. Kg5 Bb4 65. Kf6 Ba5 66. Kf7 Bb6 67. Ng7 Bc5 68. Ne8 Bb4 69. Nf6+ Kd8 70. Ke6 Ba3 71. Ng5 Bb4 72. Nf7+ Kc7 73. Nxd6 Bxd6 74. Ne8+ Kd8 75. Nxd6 f3 76. Nf5 Ke8 1-0

[Event "CAN-op"]
[Site "Kapuskasing CAN"]
[Date "2004.07.17"]
[Round "9"]
[White "Powell, Bryson"]
[Black "Henry, Liam"]
[Result "1/2-1/2"]
[WhiteElo "2009"]
[BlackElo "2158"]
[PlyCount "116"]
[GameId "2160767911095414"]
[EventDate "2004.07.10"]
[EventType "swiss"]
[EventRounds "10"]
[EventCountry "CAN"]

1. d4 Nf6 2. c4 g6 3. Nc3 Bg7 4. g3 O-O 5. Bg2 d6 6. Nf3 Nc6 7. O-O Bf5 8. Nh4 Bd7 9. e4 e5 10. d5 Nd4 11. Be3 c5 12. dxc6 Bxc6 13. Qd2 Ng4 14. Rad1 Nxe3 15. Qxe3 f5 16. exf5 gxf5 17. Nd5 f4 18. Qe4 Bd7 19. Rfe1 Rf7 20. b3 Bf6 21. Nxf6+ Qxf6 22. Qd3 f3 23. Nxf3 Nxf3+ 24. Bxf3 Qxf3 25. Qxf3 Rxf3 26. Rxd6 Bh3 27. Rxe5 Raf8 28. Rd2 Rc3 29. f4 Rc1+ 30. Kf2 Rf1+ 31. Ke2 Rh1 32. Kf3 Rf1+ 33. Ke4 Re1+ 34. Kd4 Rxe5 35. Kxe5 Kg7 36. Kd4 Rd8+ 37. Kc3 Rxd2 38. Kxd2 Kf6 39. Ke3 Bf5 40. Kd4 Bb1 41. a3 Kf5 42. c5 Kg4 43. b4 Kf5 44. Kd5 a6 45. Kd6 h5 46. Kc7 Be4 47. Kb6 Kg4 48. a4 Kh3 49. f5 Bxf5 50. Kxb7 Kxh2 51. Kxa6 Kxg3 52. b5 h4 53. b6 Bc8+ 54. Ka7 h3 55. c6 h2 56. b7 Bxb7 57. cxb7 h1=Q 58. b8=Q+ Kf2 1/2-1/2

[Event "CAN-op"]
[Site "Kapuskasing CAN"]
[Date "2004.07.17"]
[Round "9"]
[White "Quan Zhe"]
[Black "Papineau (Granby), Daniel"]
[Result "1-0"]
[WhiteElo "2442"]
[BlackElo "1736"]
[PlyCount "71"]
[GameId "2160767911095415"]
[EventDate "2004.07.10"]
[EventType "swiss"]
[EventRounds "10"]
[EventCountry "CAN"]

1. d4 Nf6 2. c4 e6 3. Nc3 Bb4 4. Qc2 c5 5. dxc5 Na6 6. a3 Bxc3+ 7. Qxc3 Nxc5 8. b4 Nce4 9. Qb2 d5 10. c5 h6 11. f3 Ng5 12. Be3 O-O 13. Bd4 Ne8 14. h4 Nh7 15. e3 f6 16. Bd3 Rf7 17. f4 a5 18. Nf3 Nf8 19. O-O Nd7 20. b5 Qc7 21. Rac1 Nb8 22. a4 Bd7 23. g3 Qd8 24. e4 Rf8 25. exd5 exd5 26. Rfe1 Bg4 27. Kf2 Nc7 28. Qc2 Ne6 29. Bf5 Nxd4 30. Nxd4 Bxf5 31. Qxf5 Qd7 32. Qxd7 Nxd7 33. Nf5 Rfe8 34. Rxe8+ Rxe8 35. Nd6 Nxc5 36. Rxc5 1-0

[Event "CAN-op"]
[Site "Kapuskasing CAN"]
[Date "2004.07.17"]
[Round "9"]
[White "Tseitlin, Mark D"]
[Black "Krnan, Tomas"]
[Result "0-1"]
[WhiteElo "2484"]
[BlackElo "2331"]
[PlyCount "138"]
[GameId "2160767911095417"]
[EventDate "2004.07.10"]
[EventType "swiss"]
[EventRounds "10"]
[EventCountry "CAN"]
[SourceTitle "CBM 101 Extra"]
[Source "ChessBase"]
[SourceDate "2004.09.01"]
[SourceVersion "2"]
[SourceVersionDate "2004.09.01"]
[SourceQuality "1"]

1. e4 e5 2. Nf3 Nc6 3. Bb5 a6 4. Ba4 Nf6 5. O-O Be7 6. Re1 b5 7. Bb3 d6 8. c3 O-O 9. d4 Bg4 10. Be3 exd4 11. cxd4 Na5 12. Bc2 c5 13. dxc5 dxc5 14. Nbd2 Nc6 15. Qb1 h6 16. h3 Be6 17. a3 Qc7 18. Qc1 Rfd8 19. Nb3 Nd7 20. Bf4 Bd6 21. Bxd6 Qxd6 22. Qe3 Bxb3 23. Bxb3 c4 24. Bc2 Nde5 25. Rad1 Nxf3+ 26. Qxf3 Qe5 27. Qc3 Kf8 28. Qxe5 Nxe5 29. f4 Nc6 30. e5 Rd4 31. Be4 Rad8 32. Rxd4 Nxd4 33. Kf2 Nb3 34. Ke3 Ke7 35. f5 Nc5 36. Re2 Nd7 37. Rd2 Nxe5 38. Rxd8 Kxd8 39. Kd4 f6 40. Bb7 Kc7 41. Bxa6 Kb6 42. Bc8 Nc6+ 43. Ke3 Kc5 44. Bb7 Nd8 45. Be4 Nf7 46. Bc2 Nd6 47. g4 Kd5 48. Bd1 Ke5 49. Bf3 Ne8 50. Bc6 Nc7 51. Bb7 h5 52. gxh5 Ne8 53. Bc6 Nd6 54. Kd2 Kxf5 55. Kc3 Ke5 56. Kb4 f5 57. Kc5 Ne4+ 58. Kxb5 Kd4 59. a4 f4 60. a5 f3 61. Bxe4 c3 62. a6 f2 63. Bd3 Kxd3 64. a7 cxb2 65. a8=Q b1=Q+ 66. Kc5 Qc1+ 67. Kd6 f1=Q 68. Qa6+ Qc4 69. Qa3+ Kc2 0-1

[Event "CAN-op"]
[Site "Kapuskasing CAN"]
[Date "2004.07.17"]
[Round "9"]
[White "Wong, Wylon"]
[Black "Krayushkin, Victor"]
[Result "1/2-1/2"]
[WhiteElo "1761"]
[BlackElo "2117"]
[PlyCount "112"]
[GameId "2160767911095418"]
[EventDate "2004.07.10"]
[EventType "swiss"]
[EventRounds "10"]
[EventCountry "CAN"]

1. d4 Nf6 2. c4 g6 3. Nc3 d5 4. e3 Bg7 5. Bd3 O-O 6. Nge2 dxc4 7. Bxc4 c5 8. O-O cxd4 9. Nxd4 e5 10. Ndb5 Nc6 11. b3 a6 12. Nd6 Qa5 13. Bd2 Qc7 14. Nxc8 Raxc8 15. e4 b5 16. Nd5 Qd6 17. Nxf6+ Qxf6 18. Bd5 Nd4 19. a4 Ne6 20. axb5 axb5 21. Ra7 Rc7 22. Ra6 Qe7 23. Bxe6 fxe6 24. Rb6 Rd8 25. Qe1 Qc5 26. Be3 Qc2 27. Rxb5 Rcd7 28. Qc1 Qxe4 29. Qc4 Qxc4 30. bxc4 Rc8 31. Rb6 Kf7 32. c5 Rdc7 33. Rc1 Rc6 34. Rxc6 Rxc6 35. Rb1 Bf8 36. Rb7+ Kf6 37. Rb6 Rxb6 38. cxb6 Bd6 39. f3 Ke7 40. Kf2 Kd7 41. Kg3 e4+ 42. f4 Kc6 43. Kf2 Kd5 44. g3 h5 45. Ke2 h4 46. gxh4 Kc6 47. Kf2 Be7 48. Kg3 Bd8 49. Kf2 Bxh4+ 50. Ke2 Bd8 51. Bd4 Bxb6 52. Bxb6 Kxb6 53. Ke3 Kc6 54. Kxe4 Kd7 55. Ke5 Ke7 56. h4 Kf7 1/2-1/2

[Event "CAN-op"]
[Site "Kapuskasing CAN"]
[Date "2004.07.17"]
[Round "9"]
[White "Yuan, Michael"]
[Black "Zubac, Marius"]
[Result "1/2-1/2"]
[WhiteElo "2010"]
[BlackElo "2220"]
[PlyCount "47"]
[GameId "2160767911095419"]
[EventDate "2004.07.10"]
[EventType "swiss"]
[EventRounds "10"]
[EventCountry "CAN"]

1. e4 c5 2. Nf3 Nc6 3. Bb5 g6 4. O-O Bg7 5. Re1 a6 6. Bxc6 dxc6 7. d3 Bg4 8. h3 Bxf3 9. Qxf3 Nf6 10. Nc3 O-O 11. Be3 Nd7 12. Qg3 b5 13. Rad1 Qa5 14. d4 b4 15. Ne2 c4 16. c3 Rac8 17. Qg5 Qxa2 18. Qxe7 Nf6 19. Ng3 Qxb2 20. Rb1 Qxc3 21. Rec1 Rfe8 22. Qb7 Qd3 23. Rd1 Qc2 24. Rdc1 1/2-1/2